000 00380 a2200169 4500
001 192650
020 _a85-7635-047-5
040 _cMagnum
100 _aRamos, Anna Claudia
240 1 0 _aBrincadeira de criança
_lpor
245 1 0 _aBrincadeira de criança
300 _a31
362 0 _a2006
440 1 _aLarousse do Brasil
697 _aLITERATURA INFANTIL
942 _cBK
999 _c192650
_d192650